Code des obligations de la République de Pologne
Guardat en:
| Autors principals: | , |
|---|---|
| Format: | Llibre |
| Idioma: | francès |
| Publicat: |
París
Sirey
1935
|
| Matèries: | |
| Etiquetes: |
Afegir etiqueta
Sense etiquetes, Sigues el primer a etiquetar aquest registre!
|
MARC
| LEADER | 00000nam a2200000 a 4500 | ||
|---|---|---|---|
| 001 | UCS1776 | ||
| 003 | CL-VaPUC | ||
| 008 | 970515e19350000FR |||||||||||||||||fre|d | ||
| 082 | 0 | 4 | |a 346.438 |b SIE |2 21 |
| 100 | 0 | |a Sieczkowski, Stefan |e author |9 386548 | |
| 700 | 0 | |a Wasilkowski, Jean |e author |9 386549 | |
| 245 | 1 | 0 | |a Code des obligations de la République de Pologne |
| 300 | |a 188 p | ||
| 942 | |c BK | ||
| 945 | |d 19970515 00:00:00 |a paguirre | ||
| 260 | |a París |b Sirey |c 1935 | ||
| 650 | 0 | |a Derecho civil |9 255013 | |
| 650 | 0 | |a Obligaciones |9 255578 | |
| 650 | 0 | |a Contratos |9 255153 | |
| 650 | 0 | |a Donación |9 255016 | |
| 650 | 0 | |a Obligaciones solidarias |9 385807 | |
| 650 | 0 | |a Voluntad |9 307812 | |
| 651 | 7 | |a POLONIA |2 CL-VaPUC |9 321936 | |
| 583 | |a last modification |c 19970515 00:00:00 |k Rodrigo Vera | ||
| 999 | |c 259808 |d 259806 | ||
| 952 | |0 0 |1 0 |4 0 |6 346_438000000000000_SIE_1935 |7 0 |8 X |9 285220 |a BIBDER |b BIBDER |d 2019-11-19 |i 1847449 |o 346.438 SIE 1935 |p 1847449 |r 2023-01-25 |w 2019-11-19 |y BK_X |k DER | ||